Wörterbuch der Landwirtschaft : Deutsch-Englisch-Französisch-Spanisch, systematisch und alphabetisch. Dictionary of agriculture, German-English-French-Spanish, systematical and alphabetical /

Guardado en:
Autor Principal: Haensch, Günther.
Otros Autores: Haberkamp de Antón, Gisela.
Formato: Libro
Idioma:German
Publicado: München : BLV Verlagsgesellschaft, [1963]
Edición:2., überarb. und erweiterte Aufl.
Materias:
Etiquetas: Agregar Etiqueta
Sin Etiquetas, Sea el primero en etiquetar este registro!
LEADER 00946nam a22002175a 4500
001 EEA.libagro002452
008 130809s1963####gw############000#0#ger#d
005 20220419122759.0
245 1 0 |a Wörterbuch der Landwirtschaft :  |b Deutsch-Englisch-Französisch-Spanisch, systematisch und alphabetisch. Dictionary of agriculture, German-English-French-Spanish, systematical and alphabetical /  |c by Günther Haensch [and] Gisela Haberkamp de Antón. 
250 |a 2., überarb. und erweiterte Aufl. 
260 |a München :  |b BLV Verlagsgesellschaft,  |c [1963] 
300 |a xxiv, 744 p. ;  |c 22 cm. 
500 |a Added t.p. in French and Spanish. 
100 1 |a Haensch, Günther. 
700 1 |a Haberkamp de Antón, Gisela. 
082 0 4 |a 630.3 
650 7 |a Agricultura  |x Diccionarios políglotas  |2 unbist 
655 7 |a Diccionarios  |2 unbist 
655 7 |a Material de referencia  |2 unbist 
010 |a 64032138 
859 |a AR-BbBCA  |b BIB. AGRONOMIA  |h C630.3  |i H135a2  |p 1965/0016